[Event "BL2-Sued 2324"]
[White "Cofman, Veaceslav"]
[Black "Schmohel, Andreas"]
[Site "Germany"]
[Round "10.8"]
[Result "1-0"]
[Date "2024.03.17"]
[WhiteElo "2232"]
[BlackElo "2039"]
[PlyCount "83"]
[EventDate "2023.10.21"]
[EventType "team-tourn"]
[EventRounds "10"]
[EventCountry "GER"]
[SourceTitle "EXT 2025"]
[Source "ChessBase"]
[SourceDate "2024.10.14"]
[SourceVersion "1"]
[SourceVersionDate "2024.10.14"]
[SourceQuality "1"]
[WhiteTeam "Eppingen"]
[BlackTeam "Viernheim II"]
[WhiteTeamCountry "GER"]
[BlackTeamCountry "GER"]

1. d4 Nf6 2. c4 e6 3. Nf3 d5 4. Nc3 c5 5. cxd5 exd5 6. g3 Nc6 7. Bg2 cxd4 8. Nxd4 Bc5 9. Nb3 Bb6 10. 0-0 d4 11. Na4 0-0 12. Nxb6 axb6 13. Bxc6 bxc6 14. Qxd4 c5 15. Qxd8 Rxd8 16. Bf4 Nd5 17. Bd2 Be6 18. Rfe1 h6 19. e4 Nf6 20. Bc3 Nxe4 21. Rxe4 Bxb3 22. a3 Rd7 23. Rae1 Be6 24. h4 h5 25. Re5 g6 26. Rxe6 fxe6 27. Rxe6 Kh7 28. Rxb6 Rc8 29. a4 Rdc7 30. Rd6 Rc6 31. Rd7+ Kg8 32. a5 R8c7 33. Rd5 Kf7 34. Kg2 Ke6 35. Rg5 Kd7 36. f4 Kc8 37. f5 gxf5 38. Rxh5 Rf7 39. Kf3 Re6 40. Rg5 Kd7 41. h5 Rh6 42. Bg7 1-0

[Event "Basel Carnival op"]
[White "Cardoso Rodrigues, Michael"]
[Black "Cofman, Veaceslav"]
[Site "Basel"]
[Round "5"]
[Result "1-0"]
[Date "2024.02.04"]
[WhiteElo "1667"]
[BlackElo "2244"]
[PlyCount "123"]
[EventDate "2024.02.02"]
[EventType "swiss"]
[EventRounds "5"]
[EventCountry "SUI"]
[SourceTitle "CBM 218 Extra"]
[Source "ChessBase"]
[SourceDate "2024.03.31"]
[SourceVersion "1"]
[SourceVersionDate "2024.03.31"]
[SourceQuality "1"]

1. e4 e6 2. d4 d5 3. Nd2 Nf6 4. e5 Nfd7 5. Bd3 c5 6. c3 Nc6 7. Ne2 cxd4 8. cxd4 f6 9. exf6 Nxf6 10. 0-0 Bd6 11. Nf3 0-0 12. Ng3 Bd7 13. Bg5 h6 14. Bd2 Qb6 15. Bc3 Ne7 16. a4 a5 17. Qd2 Nf5 18. Rfe1 Nxg3 19. hxg3 Ng4 20. Re2 Be7 21. Bc2 Be8 22. Qd3 g6 23. Rae1 Rf6 24. Bd2 Bb4 25. Nh4 Bxd2 26. Qxd2 Qd6 27. Nf3 Qd7 28. Ne5 Nxe5 29. dxe5 Rf8 30. Qxh6 Qg7 31. Qd2 b6 32. Re3 Qh6 33. Qd4 Rb8 34. Rf3 Rxf3 35. gxf3 Rc8 36. Bb3 Rc5 37. Kg2 g5 38. Rh1 Qg6 39. Qg4 Bf7 40. f4 gxf4 41. Qxf4 Qe4+ 42. Qxe4 dxe4 43. Re1 Rxe5 44. g4 Bg6 45. Kg3 Kf7 46. f4 Rc5 47. f5 Bh7 48. Rxe4 b5 49. Rxe6 Kf8 50. Rf6+ Kg7 51. Rf7+ Kh8 52. Kh4 bxa4 53. Bxa4 Rc4 54. b3 Rb4 55. Kh5 Bg8 56. Ra7 Bd5 57. g5 Be4 58. Rxa5 Kg7 59. Ra7+ Kf8 60. g6 Bb7 61. Kg5 Ke7 62. Bc6 1-0

[Event "Deizisau Autumn op 17th"]
[White "Cofman, Veaceslav"]
[Black "Baur, Frank"]
[Site "Deizisau"]
[Round "4"]
[Result "1/2-1/2"]
[Date "2023.10.29"]
[WhiteElo "2232"]
[BlackElo "2052"]
[PlyCount "100"]
[EventDate "2023.10.27"]
[EventType "swiss"]
[EventRounds "7"]
[EventCountry "GER"]
[SourceTitle "CBM 216 Extra"]
[Source "ChessBase"]
[SourceDate "2023.11.30"]
[SourceVersion "1"]
[SourceVersionDate "2023.11.30"]
[SourceQuality "1"]

1. d4 d5 2. c4 e6 3. Nf3 a6 4. Qc2 dxc4 5. Qxc4 Nf6 6. g3 b5 7. Qc2 Bb7 8. Bg2 Nbd7 9. Bg5 c5 10. dxc5 Bxc5 11. Bxf6 Qxf6 12. 0-0 Rc8 13. Qd2 Nb6 14. Nc3 b4 15. Nd1 0-0 16. Qg5 Rfd8 17. Qxf6 gxf6 18. b3 Bc6 19. Nb2 Bb5 20. Rfe1 Bd4 21. Rab1 Bc3 22. Bf1 Bxe1 23. Nxe1 Rd2 24. Nf3 Rdc2 25. Nd4 R2c5 26. Nxb5 Rxb5 27. Nd3 Nd5 28. Ra1 Nc3 29. a3 bxa3 30. Rxa3 Rc6 31. b4 Nd5 32. Bg2 Rcb6 33. Bxd5 Rxd5 34. Rc3 Rdd6 35. Rc8+ Kg7 36. Kg2 Rbc6 37. Ra8 Rb6 38. h4 f5 39. Ra7 Rb8 40. f4 Rdb6 41. Nc5 Rxb4 42. Nxe6+ Kf6 43. Ng5 R8b7 44. Rxa6+ R4b6 45. Ra5 h6 46. Nf3 Rb5 47. Ra6+ R7b6 48. Ra7 Rb7 49. Ra6+ R7b6 50. Ra7 Rb7 1/2-1/2

[Event "GER-ch Blitz"]
[White "Pajeken, Jakob Leon"]
[Black "Cofman, Veaceslav"]
[Site "Viernheim"]
[Round "13"]
[Result "1-0"]
[Date "2023.07.15"]
[WhiteElo "2430"]
[BlackElo "2244"]
[PlyCount "89"]
[EventDate "2023.07.15"]
[EventType "tourn (blitz)"]
[EventRounds "29"]
[EventCountry "GER"]
[SourceTitle "CBM 215 Extra"]
[Source "ChessBase"]
[SourceDate "2023.09.30"]
[SourceVersion "1"]
[SourceVersionDate "2023.09.30"]
[SourceQuality "1"]

1. Nf3 Nf6 2. d4 d5 3. c4 e6 4. e3 c6 5. Nbd2 Bd6 6. b3 Nbd7 7. Bb2 0-0 8. Bd3 Qc7 9. 0-0 b6 10. Rc1 Qd8 11. Qe2 Bb7 12. e4 dxe4 13. Nxe4 Nxe4 14. Qxe4 Nf6 15. Qh4 h6 16. Rfd1 Qe7 17. c5 Bc7 18. Ne5 b5 19. Qg3 Nd5 20. Qf3 Qg5 21. g3 Rad8 22. Bb1 Qe7 23. h4 Rfe8 24. Qd3 f5 25. Qf3 Qf6 26. Re1 Bxe5 27. Rxe5 Qf7 28. Rce1 Nf6 29. b4 Rd5 30. R5e2 Rd7 31. Bc2 Rde7 32. a3 Kh8 33. Re5 Nd5 34. Bb3 Bc8 35. Qe2 Rd8 36. Bxd5 cxd5 37. Qxb5 f4 38. Qd3 fxg3 39. fxg3 Ree8 40. Rf1 Qc7 41. Bc1 a6 42. Qg6 Re7 43. Bf4 Qc6 44. Bxh6 Qb5 45. Bg5 1-0

[Event "GER-ch Blitz"]
[White "Wagner, Dennis"]
[Black "Cofman, Veaceslav"]
[Site "Viernheim"]
[Round "27"]
[Result "0-1"]
[Date "2023.07.15"]
[WhiteElo "2598"]
[BlackElo "2244"]
[PlyCount "85"]
[EventDate "2023.07.15"]
[EventType "tourn (blitz)"]
[EventRounds "29"]
[EventCountry "GER"]
[SourceTitle "CBM 215 Extra"]
[Source "ChessBase"]
[SourceDate "2023.09.30"]
[SourceVersion "1"]
[SourceVersionDate "2023.09.30"]
[SourceQuality "1"]

1. d4 Nf6 2. Nf3 c5 3. d5 d6 4. Nc3 g6 5. e4 Bg7 6. Bb5+ Bd7 7. a4 0-0 8. 0-0 Bg4 9. h3 Bxf3 10. Qxf3 Nbd7 11. Re1 a6 12. Bf1 Rb8 13. Bf4 Ne8 14. Ra2 Nc7 15. a5 b5 16. axb6 Rxb6 17. Na4 Rb8 18. Nc3 Rb6 19. Nd1 Be5 20. Bh6 Bg7 21. Bxg7 Kxg7 22. Ne3 Qb8 23. Nc4 Rb4 24. Qc3+ Kg8 25. Na5 Rb6 26. Nc6 Qe8 27. Qe3 e5 28. Rea1 f5 29. f3 Kg7 30. b3 fxe4 31. fxe4 Nf6 32. Bxa6 Nfxd5 33. exd5 Nxd5 34. Qe4 Nc3 35. Qd3 Nxa2 36. Rxa2 Qxc6 37. Bc4 Qc7 38. Bd5 Rb4 39. c3 Rbf4 40. Kh2 Qe7 41. Ra6 e4 42. Qe3 Qe5 43. Qg3 0-1

[Event "Stuttgart op"]
[White "Kocharin, Timur"]
[Black "Cofman, Veaceslav"]
[Site "Ditzingen"]
[Round "4"]
[Result "1/2-1/2"]
[Date "2023.05.19"]
[WhiteElo "2189"]
[BlackElo "2284"]
[PlyCount "55"]
[EventDate "2023.05.18"]
[EventType "swiss"]
[EventRounds "7"]
[EventCountry "GER"]
[SourceTitle "CBM 214 Extra"]
[Source "ChessBase"]
[SourceDate "2023.07.31"]
[SourceVersion "1"]
[SourceVersionDate "2023.07.31"]
[SourceQuality "1"]

1. d4 Nf6 2. Nf3 d5 3. c4 c6 4. e3 g6 5. Nc3 Bg7 6. Bd3 0-0 7. h3 Nbd7 8. 0-0 b6 9. Qe2 Bb7 10. cxd5 cxd5 11. b3 Ne4 12. Bb2 Nxc3 13. Bxc3 Nf6 14. Rac1 a5 15. a4 Qd6 16. Nd2 Rfc8 17. Rc2 Rc7 18. Rfc1 Rac8 19. Bb2 Rxc2 20. Rxc2 Rxc2 21. Bxc2 Qb4 22. Nb1 Qd6 23. Nc3 Qc6 24. Nb5 Ne8 25. Bd3 Nd6 26. Nxd6 Qxd6 27. Qc2 Qc6 28. Qxc6 1/2-1/2

[Event "Bremen Silvester op-A"]
[White "Cofman, Veaceslav"]
[Black "Pautz, Peter"]
[Site "Bremen"]
[Round "7"]
[Result "1-0"]
[Date "2022.12.30"]
[WhiteElo "2269"]
[BlackElo "1991"]
[PlyCount "129"]
[EventDate "2022.12.27"]
[EventType "swiss"]
[EventRounds "7"]
[EventCountry "GER"]
[SourceTitle "CBM 211 Extra"]
[Source "ChessBase"]
[SourceDate "2023.01.31"]
[SourceVersion "1"]
[SourceVersionDate "2023.01.31"]
[SourceQuality "1"]

1. d4 e6 2. e4 d5 3. Nc3 Bb4 4. exd5 exd5 5. Nf3 Nf6 6. Bd3 Bg4 7. h3 Bh5 8. Bg5 c6 9. 0-0 0-0 10. Bf5 Re8 11. Qd3 Bg6 12. Rfe1 Nbd7 13. Rxe8+ Qxe8 14. Bxg6 hxg6 15. Bd2 Qf8 16. Ng5 Re8 17. Qg3 Bxc3 18. Bxc3 Nb6 19. a3 Ne4 20. Nxe4 Rxe4 21. Bb4 Qd8 22. Rd1 Nd7 23. Bd6 Re6 24. Bf4 Qe8 25. Be3 Nf6 26. a4 a6 27. Rd3 Ne4 28. Qc7 Re7 29. Qf4 Qd8 30. Qh4 Nd6 31. Bg5 f6 32. Bd2 Nf5 33. Qg4 Kf7 34. Rb3 Qc8 35. Rg3 Re4 36. Qxg6+ Ke6 37. Rg4 Qd7 38. c3 Qf7 39. Rxe4+ dxe4 40. Qg4 g6 41. c4 Kd7 42. b3 Qe8 43. Be3 Kd8 44. Qf4 Kc8 45. h4 Nxe3 46. fxe3 f5 47. Qd6 Qf7 48. Kf2 Qh7 49. Qf4 Qh5 50. Ke1 Qh7 51. Qg5 Qf7 52. g4 Kb8 53. gxf5 gxf5 54. h5 Qf8 55. h6 Qb4+ 56. Kf2 Qd2+ 57. Kg3 Qd1 58. Kf4 Qf1+ 59. Ke5 Qh3 60. Kf6 Ka7 61. Kg7 Qg4 62. Qxg4 fxg4 63. h7 g3 64. h8Q g2 65. Qh2 1-0

[Event "BL2-Sued 2223"]
[White "Cofman, Veaceslav"]
[Black "Dudek, Richard"]
[Site "Germany"]
[Round "4.8"]
[Result "1-0"]
[Date "2022.11.27"]
[WhiteElo "2211"]
[BlackElo "2229"]
[PlyCount "87"]
[EventDate "2022.10.22"]
[EventType "team-tourn"]
[EventRounds "9"]
[EventCountry "GER"]
[SourceTitle "EXT 2024"]
[Source "ChessBase"]
[SourceDate "2023.10.10"]
[SourceVersion "1"]
[SourceVersionDate "2023.10.10"]
[SourceQuality "1"]
[WhiteTeam "Eppingen"]
[BlackTeam "Heilbronn"]
[WhiteTeamCountry "GER"]
[BlackTeamCountry "GER"]

1. d4 Nf6 2. c4 e6 3. Nf3 b6 4. g3 Bb7 5. Bg2 Be7 6. 0-0 0-0 7. Nc3 Ne4 8. Qc2 Nxc3 9. Qxc3 c5 10. Rd1 d6 11. b3 Bf6 12. Bb2 Qe7 13. Qe3 Nc6 14. Rab1 Rfe8 15. Qd2 Rad8 16. e4 g6 17. d5 exd5 18. exd5 Ne5 19. Re1 Qf8 20. Ng5 Bc8 21. Ne4 Bg7 22. f4 Nd7 23. Bxg7 Kxg7 24. Qc3+ Kg8 25. g4 f5 26. gxf5 gxf5 27. Ng3 Qf6 28. Qd3 Nf8 29. Bh3 Ng6 30. Bxf5 Nxf4 31. Qf3 Ng6 32. Rxe8+ Rxe8 33. Rf1 Qd4+ 34. Kh1 Rf8 35. Qe2 Nf4 36. Be6+ Bxe6 37. dxe6 Re8 38. Nf5 Qd3 39. Rg1+ Kh8 40. Qxd3 Nxd3 41. e7 Ne5 42. Rd1 Nf7 43. Re1 Kg8 44. Re6 1-0